00894nam a2200217 a 450000100100000000500170001000800410002704000250006808200200009310000510011324500690016426000390023330000210027259000260029365000280031965000310034791000390037895201180041795201240053599900170065900001200220240412074229.0091103s1990 dr 000 p spa d aDO-SdBNPbspacBNPHU aRD861.44bB253t1 aBarinas Coiscou, Sócrates,d1916-202192437910aTe dije amor :bbreviario de amor /cSócrates Barinas Coiscou. a[Santo Domingo :bs. n. ,c1990?]. a128 p. ;c21 cm. aInventariado, 2018/LP 0aPoesía dominicana966 0aLiteratura dominicana.967 aValidado. Control de calidad BNPHU 0010718PDaPDbPDcHDd2009-11-03iLF1l0oRD861.44 B253tp12002-10r2020-06-25w2020-06-25yLFPDZNo se presta 0010718PDaPDbPDcHDd2009-11-03iLF1l0oRD861.44 B253tp12002-20r2020-06-25te. 2w2020-06-25yLFPDZNo se presta c11670d11670